000 00690nam a22001217a 4500
040 _cRUA
082 _aVEM NHO 2014 B435 O.1
100 _aNHOEM SARATH; ញឹម សារ៉ាត់
245 _aStudy on prevalence of gastrointestinal parasites of cattle in angkor borei district, takeo province, ការសិក្សាពីកម្រិតរាលដាលនៃបរាសិតក្នុងក្រពះពោះវៀនគោ នៅក្នុងស្រុកអង្គរបូរី ខេត្តតាកែវ
300 _aix,46p.
_bill.
_c29cm.
856 _uhttps://drive.google.com/file/d/1tNSc5E_rQzpa2vYvyAQCbYjctoUp65m7/view?usp=sharing
942 _cVEM
999 _c7165
_d7165